| 000 | 00768nam a22001937a 4500 | ||
|---|---|---|---|
| 008 | 170811b xxu||||| |||| 00| 0 eng d | ||
| 082 |
_22016 _aUT 0833 _bM46 |
||
| 100 |
_921925 _aMedina, Jean Eden Mae B, |
||
| 245 |
_aMIS Three J Motel/ _cJean Eden Mae B. Medina, Jennie Rose S. Sardido, Mary Grace Bravo, Jovelyn M. Teofilo, Shenna C. Berba and Ivy Mae L. Abao. |
||
| 260 |
_aDigos City: _bUMDC _cOctober 2016. |
||
| 300 |
_a55 pages; _c30 cm. |
||
| 650 | 0 |
_921926 _aBusiness Administration _vFinancial Management _xUndergraduate thesis. |
|
| 700 |
_921927 _aSardido, Jennie Rose S. |
||
| 700 |
_921928 _aBravo, Mary Grace. |
||
| 700 |
_921929 _aTeofilo, Jovelyn M. |
||
| 700 |
_921930 _aBerba, Sheena C. |
||
| 700 |
_921931 _aAbao, Ivy Mae L. |
||
| 942 |
_2ddc _cUT |
||
| 999 |
_c7240 _d7240 |
||